Scrambled Ohio Cities - Statistics

General Stats
  • This quiz has been taken 22 times
  • The average score is 10 of 12
Answer Stats
Hint Answer % Correct
levelcand Cleveland
100%
cobluums Columbus
100%
ootled Toledo
100%
cciiinnnta Cincinnati
95%
mail Lima
95%
rkaon Akron
89%
yaontd Dayton
89%
wenrar Warren
74%
nugswotony Youngstown
63%
zelalvesni Zanesville
58%
flaydin Findlay
53%
skysaund Sandusky
53%
No matching quizzes found
Score Distribution
Percent of People with Each Score
Percentile by Number Answered
Your Score History
You have not taken this quiz